Počítačová podpora systému kvality v elektrotechnickej výrobe

Bibliographic Details
Main Author: Kmeť, Stanislav, 1943- (Author)
Format: Article
Language:Slovak
ISBN:8022709913

MARC

LEADER 00000naa a2200000uu 4500
001 vtls011096835
003 SK-MaSNL
005 20260302140700.0
008 210824|1997 xo |||||||||||||||||slo|
015 |a SNBRA 
035 |a (urnnbn)urn:nbn:sk:snk:ar-a0cv0t 
035 |a (uuid)3bbd50e3-a699-48c4-abfe-1e6cadd2885a 
035 |a urn:nbn:sk:snk-aaw0m0 
040 |a SNKBUCL  |b slo  |c SNKBUCL  |e AACR2 
041 0 |a slo 
044 |a xo  |c SK 
100 1 |a Kmeť, Stanislav,  |d 1943-  |4 aut  |9 236069 
245 1 0 |a Počítačová podpora systému kvality v elektrotechnickej výrobe  |c Stanislav Kmeť 
773 0 |t Materiály a výrobné procesy v elektrotechnike : zborník prednášok z medzinárodného seminára, 9.-11.9. 1997 Častá-Píla Slovenská republika  |d Bratislava : Slovenská technická univerzita, 1997, 1997  |g S. 74-78  |z 8022709913 
958 |a OND 
958 |a article12 
958 |a chapter 
999 |c 1331920  |d 1333850